Cura pastorale delle persone omosessuali Lettera ai vescovi della chiesa cattolica

সংরক্ষণ করুন:
গ্রন্থ-পঞ্জীর বিবরন
সংস্থা লেখক: Congregazione per la dottrina della fede
বিন্যাস: কনফারেন্স প্রসিডিং গ্রন্থ
ভাষা:ইংরেজি
প্রকাশিত: Milano Paoline 2005
সংস্করন:6. ed. con aggiornamento In appendice
ট্যাগগুলো: ট্যাগ যুক্ত করুন
কোনো ট্যাগ নেই, প্রথমজন হিসাবে ট্যাগ করুন!

MARC

LEADER 00000nam a2200000 4500
001 CDOM0000001303
003 mi
005 20250720094250.0
008 250720b |||||||| |||| 00| 0 eng d
020 |a 88-315-0467-3 
040 |c mi 
245 1 |a Cura pastorale delle persone omosessuali  |b Lettera ai vescovi della chiesa cattolica  |c [Congregazione per la Dottrina della Fede] 
250 |a 6. ed. con aggiornamento In appendice 
260 |a Milano  |b Paoline  |c 2005 
300 |a 25 p.  |c 17 cm. 
410 0 |a Magistero  |v 120 
500 |a In appendice: Alcune considerazioni concernenti la risposta a proposte di legge sulla non-discriminazione delle persone omosessuali. 
711 |a Congregazione per la dottrina della fede 
942 |2 ddc  |c BK 
952 |0 0  |1 0  |2 ddc  |4 0  |6 B_SSR03DOTFECUR11  |7 0  |9 8290  |a MI  |b MI  |d 2005-09-04  |i 4956  |l 0  |o B-SSR03-DOTFE-CUR11  |p CDOM4956  |r 2025-07-17 21:50:00  |w 2025-07-17  |x DONO  |y BK 
999 |c 6916  |d 6916